000
00324nam a2200133Ia 4500
005
20260328104334.0
008
260328s9999||||xx |||||||||||||| ||und||
100
_a
Mostaedi, Arian
245
0
_a
Casas Innovación y Diseño /
_c
Arian Mostaedi
260
_b
IJB
300
_a
248 p.
650
_a
CASAS DE CAMPO
942
_c
BK
999
_c
11817
_d
11817